Normal view
MARC view
- വാസുദേവൻ നായർ, എം. ടി
Entry Personal Name
001 - CONTROL NUMBER
- control field: 5199
003 - CONTROL NUMBER IDENTIFIER
- control field: OSt
005 - DATE AND TIME OF LATEST TRANSACTION
- control field: 20220419145341.0
008 - FIXED-LENGTH DATA ELEMENTS
- fixed length control field: 220419|| aca||aabn | a|a d
040 ## - CATALOGING SOURCE
- Original cataloging agency: OSt
- Transcribing agency: OSt
100 ## - HEADING--PERSONAL NAME
- Personal name: വാസുദേവൻ നായർ, എം. ടി
670 ## - SOURCE DATA FOUND
- Source citation: Work cat.: (OSt)17514: വാസുദേവൻ നായർ, എം. ടി. , കാലം | Kalam /, 2006
